000 00713nam a22002172 4500
001 0000019390
005 20151021151133.0
008 101112s xx 000 0 eng d
020 _a0131509705 :
040 _aKABU
_cKABU
245 1 0 _aMarketing and entrepreneurship in SMEs :
_ban innovative approach /
_cDavid Carson ... [et al.].
250 _a1st ed.
260 _aHarlow, England :
_bPrentice Hall,
_c1995.
300 _axvi, 296 p.
650 0 _aMarketing
_xManagement.
_@0000150912
650 0 _aSmall business
_xManagement.
_@0000148137
700 1 _aCarson, David.
_@0000179105
852 1 _9p5460 KES
908 _a101112
950 _@1
999 _c1085
_d1085